000 00812nab a2200253 u 4500
001 20250
003 HDC
007 cr bn ---aaaaa
008 210304c20070813xx dr|noo 0 a eng d
040 _aHDC
245 0 _aTurkey - Halal market lacks certification body
260 _a[No place] :
_b[publisher not identified],
_c2007
300 _a1 online resource
336 _atext
_2rdacontent
337 _acomputer
_2rdamedia
338 _aonline resource
_2rdacarrier
650 _aHalal products
_9642
650 _ahalal standard
_91151
710 _aHalal Focus
856 _zRequest full-text at [email protected]
942 _2lcc
942 _cNEWS
942 _kNWSO 006361
999 _c17566
_d17566